| 000 | 01417nam a2200205Ia 4500 | ||
|---|---|---|---|
| 999 |
_c36311 _d36311 |
||
| 001 | 2218 | ||
| 003 | GE_BSU | ||
| 005 | 20190520203445.0 | ||
| 008 | 181216s1970||||ge |||||||||||||| ||geo|| | ||
| 040 | _cGE_BSU | ||
| 041 | _ageo | ||
| 080 | _a94(479.22) ძ–49 | ||
| 245 |
_aძველი ისტორიის საკითხები : _bკავკასიურ-ახლოაღმოსავლური კრებული III. / _cსაქართველოს სსრ მეცნიერებათა აკადემია ; ივანე ჯავახიშვილის სახელობის ისტორიის, არქეოლოგიისა და ეთნოგრაფიის ინსტიტუტი. |
||
| 264 |
_aთბილისი : _bმეცნიერება, _c1970. |
||
| 300 |
_a25ს გვ.; _b21 სმ. |
||
| 653 | _aკავკასიის ისტორია | ||
| 653 | _aახლო აღმოსავლეთის ისტორია | ||
| 710 |
_aსაქართველოს სსრ მეცნიერებათა აკადემია ; _bივანე ჯავახიშვილის სახელობის ისტორიის, არქეოლოგიისა და ეთნოგრაფიის ინსტიტუტი. _91449 |
||
| 942 |
_cBK _2udc |
||